Score 0/14 Timer 07:00
1 Play Today
Year President/PM % Correct
2019-Trump/Johnson
91.5%
2017-2019Trump/May
90.4%
1981-1989Reagan/Thatcher
88.6%
1997-2001Clinton/Blair
87.5%
2009-2010Obama/Brown
80.6%
1989-1990Bush/Thatcher
73.6%
1990-1993Bush/Major
66.2%
Year President/PM % Correct
1953-1955Eisenhower/Churchill
51.7%
1946-1951Truman/Attlee
39.1%
1970-1974Nixon/Heath
34.5%
1964-1969Johnson/Wilson
32.7%
1977-1979Carter/Callaghan
32.3%
1955-1957Eisenhower/Eden
29.2%
1957-1961Eisenhower/Macmillan
26.2%
Remove Ads.
Support Sporcle.
Get the best of Sporcle when you Go Orange. This ad-free experience offers more features, more stats, and more fun while also helping to support Sporcle. Thank you for becoming a member.

You're not logged in!

Compare scores with friends on all Sporcle quizzes.
OR
Log In

Sporcle TV

Today on Sporcle TV


Watch our educational content, quiz creation guides, and fun videos on Sporcle TV.

Show Comments

Extras

Top Quizzes Today


Score Distribution

Paid Content

Your Account Isn't Verified!

In order to create a playlist on Sporcle, you need to verify the email address you used during registration. Go to your Sporcle Settings to finish the process.

Report this User

Report this user for behavior that violates our Community Guidelines.

Details: